[Event "Bodensee-Cup 2011  17th"]
[Site "Konstanz (13.5.-15.5)"]
[Date "2011.05.15"]
[Round "3.1"]
[White "Boguslavskyy, Oleg"]
[Black "Zueger, Beat"]
[Result "1/2-1/2"]
[WhiteElo "2467"]
[BlackElo "2402"]
[PlyCount "105"]
[EventDate "2011.05.??"]
[EventType "team-swiss"]
[EventRounds "3"]
[EventCountry "GER"]
[WhiteTeam "Baden"]
[BlackTeam "Schweiz"]
[WhiteTeamCountry "GER"]
[BlackTeamCountry "SUI"]

1. e4 c5 2. Nf3 e6 3. d4 cxd4 4. Nxd4 a6 5. Nc3 b5 6. Bd3 Bb7 7. O-O Nc6 8.
Nxc6 Bxc6 9. Re1 Ne7 10. Bg5 Qc7 11. Qe2 Qb7 12. a4 b4 13. Nb5 Ng6 14. Nd4 Bc5
15. Nxc6 dxc6 16. e5 Bd4 17. Rad1 Bxb2 18. Bxg6 hxg6 19. Qe4 O-O 20. Rd3 Rae8
21. Rb1 Bxe5 22. Qxe5 f6 23. Qc5 fxg5 24. Rxb4 Qf7 25. h3 e5 26. Re4 Re6 27.
Rf3 Qe7 28. Qxe7 Rxe7 29. Rc3 Re6 30. Rc5 Rf4 31. f3 Rxe4 32. fxe4 Kf7 33. Ra5
Rd6 34. Rxa6 Rd4 35. a5 Rc4 36. Ra7+ Kf6 37. Rc7 Rxc2 38. a6 c5 39. a7 Ra2 40.
Kf1 g4 41. h4 g3 42. Ke1 c4 43. Kd1 c3 44. Kc1 c2 45. Kd2 g5 46. h5 g4 47. Kc1
Kg5 48. Rxg7+ Kxh5 49. Kd2 Kh6 50. Rxg4 Rxa7 51. Rxg3 Rc7 52. Kc1 Rc5 53. Rg8
1/2-1/2

[Event "Bodensee-Cup 2011  17th"]
[Site "Konstanz (13.5.-15.5)"]
[Date "2011.05.15"]
[Round "3.2"]
[White "Moor, Roger"]
[Black "Gschnitzer, Oswald Dr"]
[Result "1/2-1/2"]
[WhiteElo "2401"]
[BlackElo "2429"]
[PlyCount "77"]
[EventDate "2011.05.??"]
[EventType "team-swiss"]
[EventRounds "3"]
[EventCountry "GER"]
[WhiteTeam "Schweiz"]
[BlackTeam "Baden"]
[WhiteTeamCountry "SUI"]
[BlackTeamCountry "GER"]

1. c4 c5 2. Nc3 Nc6 3. g3 g6 4. Bg2 Bg7 5. a3 d6 6. Nf3 e5 7. O-O Nge7 8. b4 e4
9. Ne1 f5 10. Bb2 O-O 11. d3 Be6 12. dxe4 fxe4 13. Bxe4 Bxc4 14. Na4 b5 15.
Bxg7 Kxg7 16. Nc3 d5 17. Bf3 cxb4 18. axb4 a5 19. bxa5 b4 20. Nb1 Nf5 21. Nd2
Nfd4 22. Nc2 Nxf3+ 23. Nxf3 Rxf3 24. exf3 Bxf1 25. Nd4 Nxd4 26. Qxd4+ Kg8 27.
Kxf1 Rxa5 28. Rb1 Rb5 29. Rxb4 Rxb4 30. Qxb4 Qc8 31. h4 Qc1+ 32. Kg2 Qd1 33.
Qb7 d4 34. h5 gxh5 35. f4 h4 36. f5 h3+ 37. Kh2 Qf1 38. Qd5+ Kf8 39. Qd8+
1/2-1/2

[Event "Bodensee-Cup 2011  17th"]
[Site "Konstanz (13.5.-15.5)"]
[Date "2011.05.15"]
[Round "3.3"]
[White "Kuehn, Peter Dr(76)"]
[Black "Moor, Olivier"]
[Result "1/2-1/2"]
[WhiteElo "2370"]
[BlackElo "2390"]
[PlyCount "29"]
[EventDate "2011.05.??"]
[EventType "team-swiss"]
[EventRounds "3"]
[EventCountry "GER"]
[WhiteTeam "Baden"]
[BlackTeam "Schweiz"]
[WhiteTeamCountry "GER"]
[BlackTeamCountry "SUI"]

1. c4 e6 2. g3 d5 3. Bg2 Nf6 4. Nf3 Be7 5. d4 O-O 6. Qc2 b6 7. O-O Bb7 8. Bf4
Nbd7 9. Nc3 c6 10. Rfd1 dxc4 11. Nd2 Nd5 12. Nxc4 Nxf4 13. gxf4 Qc7 14. e3 Rac8
15. a4 1/2-1/2

[Event "Bodensee-Cup 2011  17th"]
[Site "Konstanz (13.5.-15.5)"]
[Date "2011.05.15"]
[Round "3.4"]
[White "Sutter, Oliver"]
[Black "Pfrommer, Christoph"]
[Result "1/2-1/2"]
[WhiteElo "2365"]
[BlackElo "2321"]
[PlyCount "77"]
[EventDate "2011.05.??"]
[EventType "team-swiss"]
[EventRounds "3"]
[EventCountry "GER"]
[WhiteTeam "Schweiz"]
[BlackTeam "Baden"]
[WhiteTeamCountry "SUI"]
[BlackTeamCountry "GER"]

1. d4 d5 2. c4 c6 3. Nf3 Nf6 4. Nc3 dxc4 5. a4 e6 6. e3 c5 7. Bxc4 Nc6 8. O-O
cxd4 9. exd4 Be7 10. Re1 O-O 11. Bg5 Nb4 12. Qb3 Nc6 13. Qd1 Bd7 14. Qe2 Nb4
15. Ne5 Be8 16. Rad1 Rc8 17. Bb3 Nfd5 18. Nxd5 Nxd5 19. Bxd5 Bxg5 20. Bxb7 Rc7
21. Be4 Bxa4 22. Ra1 Be8 23. Red1 g6 24. g3 Bf6 25. Qe3 Qd6 26. Qf4 Qe7 27. h4
h5 28. Kg2 Bxe5 29. Qxe5 Bc6 30. Bxc6 Rxc6 31. Kg1 Rd8 32. Qa5 Rb6 33. Qxa7
Qxa7 34. Rxa7 Rxb2 35. Rc1 Rb5 36. Rc5 Rdb8 37. Kg2 R5b7 38. Rxb7 Rxb7 39. d5
1/2-1/2

[Event "Bodensee-Cup 2011  17th"]
[Site "Konstanz (13.5.-15.5)"]
[Date "2011.05.15"]
[Round "3.5"]
[White "Raupp, Thomas"]
[Black "Wirthensohn, Heinz"]
[Result "1/2-1/2"]
[WhiteElo "2335"]
[BlackElo "2405"]
[PlyCount "41"]
[EventDate "2011.05.??"]
[EventType "team-swiss"]
[EventRounds "3"]
[EventCountry "GER"]
[WhiteTeam "Baden"]
[BlackTeam "Schweiz"]
[WhiteTeamCountry "GER"]
[BlackTeamCountry "SUI"]

1. d4 d5 2. c4 c6 3. Nc3 Nf6 4. e3 e6 5. Nf3 a6 6. c5 Nbd7 7. b4 g6 8. Bb2 Bg7
9. Be2 O-O 10. O-O Qc7 11. Na4 Ne4 12. Nd2 Nxd2 13. Qxd2 e5 14. dxe5 Bxe5 15.
Bxe5 Qxe5 16. Qd4 Re8 17. Rfe1 Rb8 18. Bd3 Nf6 19. f4 Qe7 20. Nc3 Be6 21. h3
1/2-1/2

[Event "Bodensee-Cup 2011  17th"]
[Site "Konstanz (13.5.-15.5)"]
[Date "2011.05.15"]
[Round "3.6"]
[White "Gaehler, Marco"]
[Black "Miltner, Arndt"]
[Result "1-0"]
[WhiteElo "2324"]
[BlackElo "2231"]
[PlyCount "47"]
[EventDate "2011.05.??"]
[EventType "team-swiss"]
[EventRounds "3"]
[EventCountry "GER"]
[WhiteTeam "Schweiz"]
[BlackTeam "Baden"]
[WhiteTeamCountry "SUI"]
[BlackTeamCountry "GER"]

1. e4 d6 2. Nc3 Nf6 3. f4 d5 4. e5 d4 5. Nce2 Nd5 6. Nxd4 Nxf4 7. Ndf3 Bf5 8.
d4 Nd5 9. c3 e6 10. Qb3 Qc8 11. Ne2 Be7 12. Ng3 Bg6 13. Bd2 O-O 14. h4 h6 15.
c4 Nb6 16. c5 Nd5 17. Bd3 Bxd3 18. Qxd3 b6 19. Ng5 f5 20. exf6 Nxf6 21. O-O-O
Nc6 22. Rdf1 Rd8 23. Qg6 Rxd4 24. Nh5 1-0

[Event "Bodensee-Cup 2011  17th"]
[Site "Konstanz (13.5.-15.5)"]
[Date "2011.05.15"]
[Round "3.7"]
[White "Weindl, Alfred"]
[Black "Carron, Julien"]
[Result "0-1"]
[WhiteElo "2260"]
[BlackElo "2361"]
[PlyCount "66"]
[EventDate "2011.05.??"]
[EventType "team-swiss"]
[EventRounds "3"]
[EventCountry "GER"]
[WhiteTeam "Baden"]
[BlackTeam "Schweiz"]
[WhiteTeamCountry "GER"]
[BlackTeamCountry "SUI"]

1. Nf3 d5 2. g3 Bg4 3. Bg2 Nd7 4. c4 e6 5. Qa4 Ngf6 6. Ne5 b5 7. Qxb5 Rb8 8.
Qc6 Rb6 9. cxd5 Rxc6 10. Nxc6 Qc8 11. dxe6 fxe6 12. Nc3 e5 13. b4 Qb7 14. O-O
e4 15. b5 Bc5 16. d4 Bd6 17. f3 exf3 18. exf3 Bf5 19. f4 Qb6 20. a4 a5 21. Re1+
Kf7 22. Nd5 Nxd5 23. Bxd5+ Kf6 24. Bb2 Nb8 25. Re3 Nxc6 26. Bxc6 Bb4 27. Rd1 h5
28. h4 Rd8 29. Kf2 Kg6 30. Re5 Bc2 31. Rc1 Rxd4 32. Re6+ Kf7 33. Re2 Rd1+ 0-1

[Event "Bodensee-Cup 2011  17th"]
[Site "Konstanz (13.5.-15.5)"]
[Date "2011.05.15"]
[Round "3.8"]
[White "Rosenthal, Jonathan"]
[Black "Kiefhaber, Holger"]
[Result "1/2-1/2"]
[WhiteElo "2335"]
[BlackElo "2216"]
[PlyCount "23"]
[EventDate "2011.05.??"]
[EventType "team-swiss"]
[EventRounds "3"]
[EventCountry "GER"]
[WhiteTeam "Schweiz"]
[BlackTeam "Baden"]
[WhiteTeamCountry "SUI"]
[BlackTeamCountry "GER"]

1. d4 Nf6 2. c4 Nc6 3. Nf3 e6 4. a3 d6 5. Nc3 g6 6. e4 Bg7 7. Be2 O-O 8. O-O
Re8 9. d5 exd5 10. cxd5 Nb8 11. Nd2 c6 12. Bf3 1/2-1/2

[Event "Bodensee-Cup 2011  17th"]
[Site "Konstanz (13.5.-15.5)"]
[Date "2011.05.15"]
[Round "3.9"]
[White "Schneider, Bernd(60)"]
[Black "Hochstrasser, Michael"]
[Result "1/2-1/2"]
[WhiteElo "2199"]
[BlackElo "2320"]
[PlyCount "41"]
[EventDate "2011.05.??"]
[EventType "team-swiss"]
[EventRounds "3"]
[EventCountry "GER"]
[WhiteTeam "Baden"]
[BlackTeam "Schweiz"]
[WhiteTeamCountry "GER"]
[BlackTeamCountry "SUI"]

1. d4 d5 2. Nf3 Nf6 3. e3 Bf5 4. Be2 e6 5. O-O h6 6. c4 c6 7. b3 Nbd7 8. Ne5
Bd6 9. f4 Bxb1 10. Rxb1 Ne4 11. Qe1 O-O 12. Bd3 f5 13. Bd2 Bxe5 14. fxe5 Nxd2
15. Qxd2 Rf7 16. cxd5 cxd5 17. Rbc1 Nb6 18. Rc5 Rc8 19. Rxc8 Qxc8 20. Rc1 Rc7
21. Rxc7 1/2-1/2

[Event "Bodensee-Cup 2011  17th"]
[Site "Konstanz (13.5.-15.5)"]
[Date "2011.05.15"]
[Round "3.10"]
[White "Wyss, Jonas"]
[Black "Rosner, Jonas"]
[Result "1/2-1/2"]
[WhiteElo "2315"]
[BlackElo "2285"]
[PlyCount "77"]
[EventDate "2011.05.??"]
[EventType "team-swiss"]
[EventRounds "3"]
[EventCountry "GER"]
[WhiteTeam "Schweiz"]
[BlackTeam "Baden"]
[WhiteTeamCountry "SUI"]
[BlackTeamCountry "GER"]

1. c4 e6 2. g3 d5 3. Bg2 c6 4. Nf3 Nf6 5. d4 Nbd7 6. O-O Be7 7. Qc2 O-O 8. Rd1
b6 9. Nbd2 Bb7 10. e4 dxe4 11. Nxe4 Qc8 12. Nxf6+ Nxf6 13. Ne5 Rd8 14. Qa4 c5
15. Nc6 Bxc6 16. Bxc6 Rb8 17. Bf4 Bd6 18. Bg5 Qc7 19. d5 Be5 20. dxe6 fxe6 21.
Rxd8+ Rxd8 22. Re1 Kf7 23. Re2 h6 24. Bxf6 Bxf6 25. Be4 Qd7 26. Qxd7+ Rxd7 27.
b3 Rd6 28. Kg2 Bc3 29. Rc2 Bf6 30. Kf3 Rd1 31. h4 Bd4 32. h5 Rb1 33. Re2 Rb2
34. Bg6+ Kf6 35. Rxb2 Bxb2 36. Ke4 Ke7 37. f4 Kd6 38. g4 Bf6 39. Be8 1/2-1/2

[Event "Bodensee-Cup 2011  17th"]
[Site "Konstanz (13.5.-15.5)"]
[Date "2011.05.15"]
[Round "3.11"]
[White "Hirschberg, Valerian"]
[Black "Huss, Andreas"]
[Result "1-0"]
[WhiteElo "2269"]
[BlackElo "2305"]
[PlyCount "55"]
[EventDate "2011.05.??"]
[EventType "team-swiss"]
[EventRounds "3"]
[EventCountry "GER"]
[WhiteTeam "Baden"]
[BlackTeam "Schweiz"]
[WhiteTeamCountry "GER"]
[BlackTeamCountry "SUI"]

1. Nf3 Nf6 2. c4 e6 3. g3 d5 4. Bg2 Be7 5. O-O O-O 6. d4 c6 7. Qc2 b6 8. b3 Bb7
9. Bb2 Nbd7 10. Nc3 dxc4 11. bxc4 c5 12. d5 exd5 13. Nd2 Nb8 14. cxd5 Nxd5 15.
Qd3 Bf6 16. Nxd5 Bxb2 17. Rab1 Ba6 18. Qc2 Bd4 19. Nf4 Nd7 20. Qa4 g5 21. Nh3
Bxe2 22. Bxa8 b5 23. Qxa7 Qxa8 24. Qxd7 Qxa2 25. Ne4 Bd3 26. Rbe1 Bxf1 27. Rxf1
Qc2 28. Qf5 1-0

[Event "Bodensee-Cup 2011  17th"]
[Site "Konstanz (13.5.-15.5)"]
[Date "2011.05.15"]
[Round "3.12"]
[White "Gaehwiler, Gabriel"]
[Black "Fiderer, Lukas"]
[Result "0-1"]
[WhiteElo "2181"]
[BlackElo "2185"]
[PlyCount "90"]
[EventDate "2011.05.??"]
[EventType "team-swiss"]
[EventRounds "3"]
[EventCountry "GER"]
[WhiteTeam "Schweiz"]
[BlackTeam "Baden"]
[WhiteTeamCountry "SUI"]
[BlackTeamCountry "GER"]

1. e4 e5 2. Nf3 Nc6 3. d4 exd4 4. Nxd4 Nf6 5. Nxc6 bxc6 6. e5 Qe7 7. Qe2 Nd5 8.
c4 Nb6 9. Nc3 Ba6 10. b3 O-O-O 11. Bb2 Re8 12. O-O-O Qxe5 13. Qxe5 Rxe5 14. f4
Re3 15. g3 Bb4 16. Ne2 Rhe8 17. Nd4 Re1 18. Bh3 Rxh1 19. Rxh1 Bb7 20. Rd1 g6
21. Nc2 Bf8 22. a4 a5 23. Bc3 f5 24. Bxa5 Re2 25. Rd2 Rxd2 26. Kxd2 d5 27. Bxb6
cxb6 28. cxd5 cxd5 29. Bg2 Bc5 30. Ne3 Kd7 31. Kd3 Kd6 32. Nc2 Bg1 33. Nd4 Bxh2
34. Ne2 Ba6+ 35. Kd2 Bxe2 36. Kxe2 Bxg3 37. Ke3 Be1 38. Kd4 Bf2+ 39. Kd3 Bc5
40. Bf3 Ba3 41. Kd4 Bb2+ 42. Kd3 Bc1 43. Kd4 Bxf4 44. Bxd5 Be3+ 45. Kc4 g5 0-1

[Event "Bodensee-Cup 2011  17th"]
[Site "Konstanz (13.5.-15.5)"]
[Date "2011.05.15"]
[Round "3.1"]
[White "Zeller, Frank"]
[Black "Heinz, Axel(87)"]
[Result "1/2-1/2"]
[WhiteElo "2341"]
[BlackElo "2446"]
[PlyCount "84"]
[EventDate "2011.05.??"]
[EventType "team-swiss"]
[EventRounds "3"]
[EventCountry "GER"]
[WhiteTeam "Württemberg"]
[BlackTeam "Bayern"]
[WhiteTeamCountry "DDR"]
[BlackTeamCountry "GER"]

1. e4 e6 2. d4 d5 3. Nc3 Nf6 4. Bg5 Be7 5. e5 Nfd7 6. Bxe7 Qxe7 7. Bd3 a6 8.
Nce2 c5 9. c3 b6 10. f4 a5 11. Bb5 Ba6 12. a4 O-O 13. Nf3 cxd4 14. cxd4 Bxb5
15. axb5 Qb4+ 16. Nc3 Qxb2 17. Rc1 Qxg2 18. Rg1 Qh3 19. Rg3 Qh5 20. Na4 Ra7 21.
Qe2 f6 22. exf6 Nxf6 23. Qxe6+ Qf7 24. Qxf7+ Raxf7 25. Ne5 Re7 26. Nxb6 Rb7 27.
Nc8 Ne4 28. Ra3 g5 29. Rxa5 gxf4 30. Ra7 Rxa7 31. Nxa7 f3 32. Nd3 Nd7 33. Nf2
Nd6 34. Rc6 Nf5 35. Rc7 Nb6 36. Nc6 Re8+ 37. Kf1 Nc4 38. Ne5 Ra8 39. Nfg4 Ra1+
40. Kf2 Ra2+ 41. Kxf3 Nxd4+ 42. Kg3 Nxe5 1/2-1/2

[Event "Bodensee-Cup 2011  17th"]
[Site "Konstanz (13.5.-15.5)"]
[Date "2011.05.15"]
[Round "3.2"]
[White "Fedorovsky, Michael"]
[Black "Dausch, Rene"]
[Result "1/2-1/2"]
[WhiteElo "2381"]
[BlackElo "2342"]
[PlyCount "48"]
[EventDate "2011.05.??"]
[EventType "team-swiss"]
[EventRounds "3"]
[EventCountry "GER"]
[WhiteTeam "Bayern"]
[BlackTeam "Württemberg"]
[WhiteTeamCountry "GER"]
[BlackTeamCountry "DDR"]

1. d4 Nf6 2. c4 e5 3. dxe5 Ng4 4. Nf3 Bc5 5. e3 Nc6 6. Nc3 O-O 7. a3 Re8 8. b4
Bf8 9. Bb2 Ncxe5 10. Nxe5 Nxe5 11. Be2 a5 12. O-O d6 13. f4 Nd7 14. e4 axb4 15.
axb4 Rxa1 16. Qxa1 c6 17. Kh1 Qb6 18. b5 Nc5 19. Qb1 Qa5 20. Qc2 Qb4 21. Rb1
Qb3 22. Qd2 Qb4 23. Qc2 Qb3 24. Qd2 Qb4 1/2-1/2

[Event "Bodensee-Cup 2011  17th"]
[Site "Konstanz (13.5.-15.5)"]
[Date "2011.05.15"]
[Round "3.3"]
[White "Heidenfeld, Mark"]
[Black "Bayer, Bernhard"]
[Result "1/2-1/2"]
[WhiteElo "2332"]
[BlackElo "2414"]
[PlyCount "41"]
[EventDate "2011.05.??"]
[EventType "team-swiss"]
[EventRounds "3"]
[EventCountry "GER"]
[WhiteTeam "Württemberg"]
[BlackTeam "Bayern"]
[WhiteTeamCountry "DDR"]
[BlackTeamCountry "GER"]

1. e4 e5 2. Nf3 Nc6 3. Bb5 a6 4. Bxc6 dxc6 5. O-O Ne7 6. Nxe5 Qd4 7. Qh5 g6 8.
Nf3 Qxe4 9. Qa5 b6 10. Qc3 Rg8 11. Re1 Qd5 12. Qe3 Qe6 13. Qg5 h6 14. Qh4 Qg4
15. Qf6 Be6 16. Ne5 Qf5 17. Qxf5 gxf5 18. Nc3 O-O-O 19. Ne2 Kb7 20. Nf4 Nd5 21.
Ned3 1/2-1/2

[Event "Bodensee-Cup 2011  17th"]
[Site "Konstanz (13.5.-15.5)"]
[Date "2011.05.15"]
[Round "3.4"]
[White "Jorczik, Julian"]
[Black "Braeuning, Rudolf Wilhelm"]
[Result "1/2-1/2"]
[WhiteElo "2368"]
[BlackElo "2370"]
[PlyCount "38"]
[EventDate "2011.05.??"]
[EventType "team-swiss"]
[EventRounds "3"]
[EventCountry "GER"]
[WhiteTeam "Bayern"]
[BlackTeam "Württemberg"]
[WhiteTeamCountry "GER"]
[BlackTeamCountry "DDR"]

1. d4 d5 2. c4 e5 3. dxe5 d4 4. Nf3 Nc6 5. g3 Nge7 6. Bg2 Ng6 7. O-O Ngxe5 8.
Qb3 Nxf3+ 9. Bxf3 Qf6 10. Na3 Bxa3 11. Qxa3 Bh3 12. Rd1 O-O-O 13. b4 Kb8 14.
Bf4 d3 15. Be3 Nd4 16. Bxd4 Rxd4 17. Rac1 Rhd8 18. Qb2 Re8 19. Rxd3 Red8
1/2-1/2

[Event "Bodensee-Cup 2011  17th"]
[Site "Konstanz (13.5.-15.5)"]
[Date "2011.05.15"]
[Round "3.5"]
[White "Strunski, Andreas"]
[Black "Raykhman, Alexander"]
[Result "1-0"]
[WhiteElo "2331"]
[BlackElo "2335"]
[PlyCount "45"]
[EventDate "2011.05.??"]
[EventType "team-swiss"]
[EventRounds "3"]
[EventCountry "GER"]
[WhiteTeam "Württemberg"]
[BlackTeam "Bayern"]
[WhiteTeamCountry "DDR"]
[BlackTeamCountry "GER"]

1. d4 d5 2. c4 c6 3. Nf3 Nf6 4. Nc3 dxc4 5. a4 e6 6. e4 Bb4 7. Bxc4 Nxe4 8. O-O
Nxc3 9. bxc3 Be7 10. Ne5 O-O 11. Qg4 Nd7 12. Bh6 Bf6 13. Rfe1 Kh8 14. Bf4 Nb6
15. Bd3 Nd5 16. Bd2 c5 17. Qh3 g6 18. dxc5 Kg8 19. c4 Ne7 20. Bc3 Qc7 21. Qg3
Nf5 22. Bxf5 exf5 23. Ng4 1-0

[Event "Bodensee-Cup 2011  17th"]
[Site "Konstanz (13.5.-15.5)"]
[Date "2011.05.15"]
[Round "3.6"]
[White "Schuetz, Guenter(54)"]
[Black "Jurek, Josef"]
[Result "0-1"]
[WhiteElo "2214"]
[BlackElo "2332"]
[PlyCount "80"]
[EventDate "2011.05.??"]
[EventType "team-swiss"]
[EventRounds "3"]
[EventCountry "GER"]
[WhiteTeam "Bayern"]
[BlackTeam "Württemberg"]
[WhiteTeamCountry "GER"]
[BlackTeamCountry "DDR"]

1. f4 d5 2. Nf3 g6 3. g3 Bg7 4. Bg2 c6 5. Nc3 Qb6 6. d3 Nf6 7. e4 dxe4 8. dxe4
O-O 9. e5 Rd8 10. Qe2 Nd5 11. Ne4 Bf5 12. c3 Na6 13. Nf2 Nc5 14. Nd4 Nb4 15.
O-O Bd3 16. Nxd3 Nbxd3 17. Be3 Qxb2 18. Qxb2 Nxb2 19. Nxc6 bxc6 20. Bxc5 Bf8
21. Rab1 Na4 22. Bd4 c5 23. Bxa8 cxd4 24. Bf3 Nxc3 25. Rb7 a5 26. Ra7 a4 27.
Bd1 Nxa2 28. Bxa4 Nc3 29. f5 d3 30. fxg6 hxg6 31. Rd7 Rxd7 32. Bxd7 e6 33. Bc6
Bc5+ 34. Kg2 Bd4 35. Ra1 Kg7 36. Ba4 g5 37. Kf3 Bxe5 38. h3 Bd4 39. Bb3 e5 40.
Re1 f5 0-1

[Event "Bodensee-Cup 2011  17th"]
[Site "Konstanz (13.5.-15.5)"]
[Date "2011.05.15"]
[Round "3.7"]
[White "Weidemann, Joerg"]
[Black "Koepke, Christian"]
[Result "0-1"]
[WhiteElo "2274"]
[BlackElo "2337"]
[PlyCount "96"]
[EventDate "2011.05.??"]
[EventType "team-swiss"]
[EventRounds "3"]
[EventCountry "GER"]
[WhiteTeam "Württemberg"]
[BlackTeam "Bayern"]
[WhiteTeamCountry "DDR"]
[BlackTeamCountry "GER"]

1. e4 e6 2. d3 d5 3. Nd2 c5 4. g3 Nc6 5. Bg2 g6 6. f4 Nge7 7. Ngf3 Bg7 8. O-O
b6 9. Re1 O-O 10. Rb1 Qc7 11. a3 Bb7 12. b4 cxb4 13. axb4 Nxb4 14. Ba3 a5 15.
Kh1 Rfc8 16. e5 Qxc2 17. Bxb4 axb4 18. Rxb4 Qxd3 19. Rxb6 Bc6 20. Qb3 Qxb3 21.
Nxb3 Rcb8 22. Rxb8+ Rxb8 23. Nbd4 Bd7 24. Ra1 Nc6 25. Nxc6 Bxc6 26. Nd4 Be8 27.
h4 Bf8 28. Rc1 Ba3 29. Rc7 Kf8 30. h5 Rb4 31. hxg6 hxg6 32. Nf3 Rc4 33. Ra7 Bc5
34. Ra8 Ke7 35. Ng5 Bc6 36. Rc8 Bd7 37. Rh8 Bf2 38. Kh2 Rc3 39. Bf3 Be1 40. Rh7
Be8 41. Kg2 Rc2+ 42. Kh3 Rc3 43. Kg2 d4 44. Ne4 Rc2+ 45. Kf1 Rc1 46. Nd6 Bxg3+
47. Ke2 Bxf4 48. Rh8 Bxe5 0-1

[Event "Bodensee-Cup 2011  17th"]
[Site "Konstanz (13.5.-15.5)"]
[Date "2011.05.15"]
[Round "3.8"]
[White "Baldauf, Marco"]
[Black "Krassowizkij, Jaroslaw"]
[Result "1-0"]
[WhiteElo "2358"]
[BlackElo "2312"]
[PlyCount "43"]
[EventDate "2011.05.??"]
[EventType "team-swiss"]
[EventRounds "3"]
[EventCountry "GER"]
[WhiteTeam "Bayern"]
[BlackTeam "Württemberg"]
[WhiteTeamCountry "GER"]
[BlackTeamCountry "DDR"]

1. d4 Nf6 2. c4 g6 3. Nc3 d5 4. Bf4 Bg7 5. e3 c5 6. dxc5 Qa5 7. Rc1 dxc4 8.
Bxc4 O-O 9. Nf3 Nc6 10. O-O Nh5 11. Bg5 Bg4 12. Bb3 Rad8 13. Qe2 h6 14. Bh4 g5
15. h3 Bc8 16. Nxg5 hxg5 17. Qxh5 gxh4 18. Ne4 Be6 19. Ng5 Rfe8 20. Qh7+ Kf8
21. Nxe6+ fxe6 22. Bxe6 1-0

[Event "Bodensee-Cup 2011  17th"]
[Site "Konstanz (13.5.-15.5)"]
[Date "2011.05.15"]
[Round "3.9"]
[White "Knoedler, Dieter"]
[Black "Bredl, Harald"]
[Result "1/2-1/2"]
[WhiteElo "2278"]
[BlackElo "2337"]
[PlyCount "72"]
[EventDate "2011.05.??"]
[EventType "team-swiss"]
[EventRounds "3"]
[EventCountry "GER"]
[WhiteTeam "Württemberg"]
[BlackTeam "Bayern"]
[WhiteTeamCountry "DDR"]
[BlackTeamCountry "GER"]

1. c4 e5 2. Nc3 Nc6 3. g3 d6 4. Nf3 f5 5. d3 Nf6 6. Bg2 g6 7. O-O Bg7 8. Rb1
Be6 9. b4 Qd7 10. b5 Nd8 11. Qc2 h6 12. c5 O-O 13. Ba3 Ne8 14. Rfc1 Rf7 15. c6
bxc6 16. bxc6 Qc8 17. Qa4 d5 18. d4 e4 19. Ne5 g5 20. Nxf7 Nxf7 21. Qa5 Qd8 22.
e3 f4 23. Rb5 Nf6 24. Rb7 Rc8 25. Rxa7 Ng4 26. Nd1 Nd6 27. Bxd6 Qxd6 28. Ra8
Rxa8 29. Qxa8+ Kh7 30. Qa5 h5 31. Qc5 Qd8 32. Rb1 Bf8 33. Qc2 Kg7 34. Rb5 Bd6
35. Bxe4 dxe4 36. Qxe4 Qf6 1/2-1/2

[Event "Bodensee-Cup 2011  17th"]
[Site "Konstanz (13.5.-15.5)"]
[Date "2011.05.15"]
[Round "3.11"]
[White "Grill, Bernd"]
[Black "Levushkina, Elena"]
[Result "1/2-1/2"]
[WhiteElo "2240"]
[BlackElo "2304"]
[PlyCount "100"]
[EventDate "2011.05.??"]
[EventType "team-swiss"]
[EventRounds "3"]
[EventCountry "GER"]
[WhiteTeam "Württemberg"]
[BlackTeam "Bayern"]
[WhiteTeamCountry "DDR"]
[BlackTeamCountry "GER"]

1. d4 d5 2. Nf3 Nf6 3. c4 dxc4 4. e3 e6 5. Bxc4 c5 6. O-O a6 7. Bb3 cxd4 8.
exd4 Nc6 9. Nc3 Be7 10. Bg5 O-O 11. Qd2 Nd5 12. Nxd5 exd5 13. Bxe7 Nxe7 14.
Rfe1 Bf5 15. Qb4 Be4 16. Ne5 a5 17. Qb5 Nc6 18. Rad1 a4 19. Bxa4 Nxe5 20. dxe5
Qg5 21. g3 Qg4 22. Re3 Bf3 23. h3 Qf5 24. Qd3 Be4 25. g4 Qxe5 26. Qd4 Qxd4 27.
Rxd4 Rfc8 28. f3 Bc2 29. Bd7 Rd8 30. Bb5 Rxa2 31. Rxd5 Rf8 32. b3 Rb2 33. Bc4
g6 34. Rd2 b5 35. Bd5 Kg7 36. Rc3 Rd8 37. Rcxc2 Rxc2 38. Rxc2 Rxd5 39. Rc3 Kf6
40. Kf2 h5 41. Ke3 hxg4 42. hxg4 Ke5 43. Rc6 g5 44. b4 f5 45. gxf5 Kxf5 46. Rc8
Ke5 47. Re8+ Kf5 48. Rb8 Ke5 49. Re8+ Kf5 50. Rb8 Ke5 1/2-1/2

[Event "Bodensee-Cup 2011  17th"]
[Site "Konstanz (13.5.-15.5)"]
[Date "2011.05.15"]
[Round "3.12"]
[White "Mons, Leon"]
[Black "Zhou, Syang"]
[Result "1-0"]
[WhiteElo "2300"]
[BlackElo "2176"]
[PlyCount "69"]
[EventDate "2011.05.??"]
[EventType "team-swiss"]
[EventRounds "3"]
[EventCountry "GER"]
[WhiteTeam "Bayern"]
[BlackTeam "Württemberg"]
[WhiteTeamCountry "GER"]
[BlackTeamCountry "DDR"]

1. e4 c5 2. Nf3 d6 3. Bb5+ Bd7 4. Bxd7+ Qxd7 5. O-O Nc6 6. c3 Nf6 7. Re1 g6 8.
d4 Bg7 9. d5 Nb8 10. c4 O-O 11. Nc3 a6 12. a4 Qd8 13. h3 Nbd7 14. Bf4 Nh5 15.
Bh2 Qa5 16. e5 dxe5 17. Nxe5 Nxe5 18. Bxe5 Rfe8 19. Qd3 Bxe5 20. Rxe5 Qb4 21.
Rae1 Qxb2 22. Rb1 Nf4 23. Qe3 Ne2+ 24. Qxe2 Qxc3 25. Rxb7 Qa1+ 26. Kh2 Qxa4 27.
Rexe7 Rxe7 28. Qxe7 Qe8 29. Qxe8+ Rxe8 30. Rc7 Ra8 31. Rxc5 a5 32. d6 Kf8 33.
Rc7 a4 34. d7 Rd8 35. c5 1-0

[Event "Bodensee-Cup 2011  17th"]
[Site "Konstanz (13.5.-15.5)"]
[Date "2011.05.13"]
[Round "1.1"]
[White "Boguslavskyy, Oleg"]
[Black "Zeller, Frank"]
[Result "0-1"]
[WhiteElo "2467"]
[BlackElo "2341"]
[PlyCount "108"]
[EventDate "2011.05.??"]
[EventType "team-swiss"]
[EventRounds "3"]
[EventCountry "GER"]
[WhiteTeam "Baden"]
[BlackTeam "Württemberg"]
[WhiteTeamCountry "GER"]
[BlackTeamCountry "DDR"]

1. e4 e5 2. Nf3 Nc6 3. Bb5 a6 4. Ba4 d6 5. c3 f5 6. d3 Nf6 7. Nbd2 Be7 8. Bb3
Na5 9. Bc2 O-O 10. b4 Nc6 11. Nc4 Qe8 12. Ne3 f4 13. Bb3+ Kh8 14. Nd5 Nxd5 15.
Bxd5 Qg6 16. Rg1 Bf6 17. Bb2 Ne7 18. Bb3 b5 19. Qe2 a5 20. a3 c5 21. bxc5 dxc5
22. c4 a4 23. Bc2 bxc4 24. dxc4 Nc6 25. g3 Bg4 26. h3 Bxf3 27. Qxf3 fxg3 28.
Qxg3 Qf7 29. O-O-O Nd4 30. Bxd4 cxd4 31. f4 exf4 32. Qd3 Be5 33. Rg5 f3 34. Rf5
Qe7 35. Qxf3 g6 36. Rxf8+ Rxf8 37. Qd3 Kg7 38. Kb1 Rf2 39. Rd2 Rf6 40. Bxa4 Ra6
41. Bb3 Rxa3 42. Ra2 h5 43. Kb2 Rxa2+ 44. Kxa2 Qb4 45. Bd1 Kh6 46. Bb3 Kg5 47.
Bd1 Kh4 48. Be2 Qc3 49. c5 Qxd3 50. Bxd3 Kxh3 51. Kb3 Kg3 52. Kc4 h4 53. Kd5
Kf4 54. c6 h3 0-1